Welcome to CU Library Online Public Access Catalogue (OPAC)

We have been believers : (Record no. 9362)

MARC details
000 -LEADER
fixed length control field 00601pam a2200193 a 4500
001 - CONTROL NUMBER
control field 4395292
005 - DATE AND TIME OF LATEST TRANSACTION
control field 20260421142324.0
008 - FIXED-LENGTH DATA ELEMENTS--GENERAL INFORMATION
fixed length control field 920413s1992 mnu b 001 0 eng
020 ## - INTERNATIONAL STANDARD BOOK NUMBER
International Standard Book Number 0800626729 (alk. paper) :
Terms of availability $12.95
020 ## - INTERNATIONAL STANDARD BOOK NUMBER
International Standard Book Number 9780800626723
050 00 - LIBRARY OF CONGRESS CALL NUMBER
Classification number BT82.7
Item number .E84 1992
082 00 - DEWEY DECIMAL CLASSIFICATION NUMBER
Classification number 230/.089/96073
Edition information 20
100 1# - MAIN ENTRY--PERSONAL NAME
Personal name Evans, James H.,
Dates associated with a name 1950-
245 10 - TITLE STATEMENT
Title We have been believers :
Remainder of title an African-American systematic theology /
Statement of responsibility, etc. James H. Evans, Jr.
260 ## - PUBLICATION, DISTRIBUTION, ETC.
Place of publication, distribution, etc. Minneapolis :
Name of publisher, distributor, etc. Fortress Press,
Date of publication, distribution, etc. c1992.
300 ## - PHYSICAL DESCRIPTION
Extent xii, 178 p. ;
Dimensions 24 cm.
650 #0 - SUBJECT ADDED ENTRY--TOPICAL TERM
Topical term or geographic name entry element Black theology.
942 ## - ADDED ENTRY ELEMENTS (KOHA)
Source of classification or shelving scheme Library of Congress Classification
Koha item type Books
Suppress in OPAC No
999 ## -
-- 9362
-- 9362
Holdings
Withdrawn status Lost status Source of classification or shelving scheme Damaged status Not for loan Collection Home library Current library Shelving location Date acquired Total checkouts Full call number Barcode Date last seen Price effective from Koha item type
    Library of Congress Classification     Non-fiction Main Library (Kumasi) Main Library (Kumasi) General stacks 04/21/2026   BT82.7.E84 EVA bssk00000093 04/21/2026 04/21/2026 Books
© 2023-2024 Copyright: Central University Libraries. All Rights Reserved | Created by: Mahone Tech Office